| 000 | 00549nam a22001817a 4500 | ||
|---|---|---|---|
| 005 | 20160721115203.0 | ||
| 010 | _aENG-115478 | ||
| 020 |
_a9789381384718 _c96.00 |
||
| 035 | _aEN-99010 | ||
| 037 | _bDBAD/PUB | ||
| 082 | _a808.882 | ||
| 100 | _aMurthi,R.K. | ||
| 245 |
_aRib tickling jockes : _cby R.K. Murthi _blaugh your way to long life / |
||
| 260 |
_aNew Delhi _bV & S Publishers _c2015 |
||
| 270 |
_aF-2/16,Ansari Road,Daryaganj _bNew Delhi _e110002 |
||
| 300 |
_a123p : _c21cm(pbk) _bill |
||
| 942 |
_2ddc _cEN _h808.882 _mMUR |
||
| 999 |
_c101408 _d101408 |
||